000 02026cam a22003734a 4500
001 13182272
003 PILC
005 20150608134907.0
008 030501s2003 waua 001 0 eng
010 _a 2003052689
020 _a9780735615182
020 _a0735615187
040 _aDLC
_cDLC
_dDLC
042 _apcc
050 0 0 _aHF 5548.4.M523
_b.F948 2003
082 0 0 _a005.369
100 1 _aFrye, Curtis,
_d1968-
245 1 0 _aMicrosoft Office Excel 2003 step by step /
_cCurtis Frye.
260 _aRedmond, Wash. :
_bMicrosoft Press,
_c2003.
300 _alxvii, 325 pages :
_billustrations ;
_c24 cm.
490 1 _aStep by step
500 _aIncludes glossary and index.
538 _aSystem requirements: Pentium 133-MHz or higher processor; 64 MB of RAM plus an additional 8 MB of RAM for each program running simultaneously, 245 MB of available hard disk space with 115 MB on the hard disk where the operating system is installed, additional 4 MB hard disk space required for installing the practice files; Microsoft Windows 2000 with Service Pack 3 (SP3), Windows XP, or later operating system; Microsoft Office Excel 2003, PowerPoint 2003, Outlook Express, Outlook 2003, Internet Explorer version 5 or later; CD-ROM drive, super VGA (600 x 800) or higher-resolution monitor with 256 or higher colors.
630 0 0 _aMicrosoft Excel (Computer file).
650 0 _aBusiness
_xComputer programs.
650 0 _aElectronic spreadsheets.
830 0 _aStep by step (Redmond, Wash.)
856 4 2 _3Contributor biographical information
_uhttp://www.loc.gov/catdir/enhancements/fy1004/2003052689-b.html
856 4 2 _3Publisher description
_uhttp://www.loc.gov/catdir/enhancements/fy1004/2003052689-d.html
856 4 1 _3Table of contents only
_uhttp://www.loc.gov/catdir/enhancements/fy1009/2003052689-t.html
906 _a7
_bcbc
_corignew
_d1
_eocip
_f20
_gy-gencatlg
942 _2lcc
_cBK
999 _c284793
_d284793